[Event "Steyr Landesliga 1415"]
[Site "Austria"]
[Date "2015.03.21"]
[Round "9.5"]
[White "Fabisch, Christian"]
[Black "Almer, Gerald"]
[Result "0-1"]
[WhiteElo "2122"]
[BlackElo "2080"]
[PlyCount "86"]
[EventDate "2014.09.27"]
[EventType "team-tourn"]
[EventRounds "11"]
[EventCountry "AUT"]
[SourceTitle "EXT 2016"]
[Source "ChessBase"]
[SourceDate "2015.10.08"]
[SourceVersion "1"]
[SourceVersionDate "2015.10.08"]
[SourceQuality "1"]
[WhiteTeam "Fuerstenfeld/Hartberg"]
[BlackTeam "Feldbach Kirchberg"]
[WhiteTeamCountry "AUT"]
[BlackTeamCountry "AUT"]

1. b4 d5 2. Bb2 Nf6 3. e3 Bf5 4. Nf3 e6 5. c4 Nbd7 6. c5 c6 7. Be2 a5 8. a3 b6 9. d4 bxc5 10. bxc5 g5 11. Nc3 h6 12. Nd2 e5 13. 0-0 exd4 14. exd4 Bg7 15. Re1 0-0 16. Nf1 Rb8 17. Na4 Ne4 18. Ng3 Nxg3 19. hxg3 Nxc5 20. dxc5 Bxb2 21. Nxb2 Rxb2 22. Qd4 Rb8 23. Qa4 Qc7 24. Bg4 Bg6 25. Re3 h5 26. Bf3 g4 27. Be2 Rfe8 28. Qd4 Rxe3 29. Qxe3 Qd7 30. Qf4 Re8 31. Bf1 Qe7 32. Rc1 Qe5 33. Qa4 Qc7 34. Qd4 Re4 35. Qf6 Re6 36. Qc3 Qd8 37. Re1 d4 38. Qd2 Rxe1 39. Qxe1 d3 40. Qd2 Qd5 41. Qd1 Qd4 42. Qc1 d2 43. Qd1 Bc2 0-1

[Event "AUT-chT2M 1415"]
[Site "Austria"]
[Date "2015.02.28"]
[Round "7.6"]
[White "Fabisch, Christian"]
[Black "Mayerhofer, Peter"]
[Result "1/2-1/2"]
[WhiteElo "2121"]
[BlackElo "2204"]
[PlyCount "60"]
[EventDate "2014.10.03"]
[EventType "team-tourn"]
[EventRounds "11"]
[EventCountry "AUT"]
[SourceTitle "EXT 2016"]
[Source "ChessBase"]
[SourceDate "2015.10.08"]
[SourceVersion "1"]
[SourceVersionDate "2015.10.08"]
[SourceQuality "1"]
[WhiteTeam "Fuerstenfeld/Hartberg"]
[BlackTeam "Hartkirchen"]
[WhiteTeamCountry "AUT"]
[BlackTeamCountry "AUT"]

1. e4 c5 2. Nc3 e6 3. g3 d5 4. Bg2 Nf6 5. Qe2 dxe4 6. Nxe4 Nxe4 7. Qxe4 Nd7 8. Nf3 Nf6 9. Qe2 Be7 10. 0-0 0-0 11. Rd1 Qc7 12. d4 h6 13. Bf4 Qb6 14. c4 cxd4 15. Nxd4 a6 16. Nb3 Bd7 17. c5 Qa7 18. Rac1 Bb5 19. Qe5 Rac8 20. Qe3 Bc6 21. Bd6 Bxd6 22. Rxd6 Bxg2 23. Kxg2 Rfd8 24. Qe5 Rxd6 25. Qxd6 Qa8 26. Kg1 Rd8 27. Qc7 Rd7 28. Qe5 Qd8 29. Qe2 Rd5 30. Qc4 Rd1+ 1/2-1/2

[Event "Steyr Landesliga 1314"]
[Site "Austria"]
[Date "2014.01.25"]
[Round "6.4"]
[White "Ebner, Hubert"]
[Black "Fabisch, Christian"]
[Result "1-0"]
[WhiteElo "2208"]
[BlackElo "2128"]
[PlyCount "81"]
[EventDate "2013.09.28"]
[EventType "team-tourn"]
[EventRounds "11"]
[EventCountry "AUT"]
[SourceTitle "EXT 2015"]
[Source "ChessBase"]
[SourceDate "2014.11.20"]
[SourceVersion "1"]
[SourceVersionDate "2014.11.20"]
[SourceQuality "1"]
[WhiteTeam "Graz Austria"]
[BlackTeam "Hartberg"]
[WhiteTeamCountry "AUT"]
[BlackTeamCountry "AUT"]

1. d4 Nf6 2. c4 c5 3. d5 e6 4. Nc3 exd5 5. cxd5 Bd6 6. g3 Bc7 7. d6 Ba5 8. Bg2 Nc6 9. Nh3 Rb8 10. 0-0 0-0 11. e4 b5 12. f4 b4 13. Na4 Ba6 14. Rf2 c4 15. e5 Ne8 16. Qh5 Bb5 17. Ng5 h6 18. Nxf7 Rxf7 19. Bd5 Nxd6 20. exd6 Bxa4 21. Qxf7+ Kh8 22. Re2 Bb6+ 23. Kg2 c3 24. bxc3 bxc3 25. f5 Bd4 26. Bf4 Qf8 27. Qg6 Nb4 28. Bb3 Bc6+ 29. Kh3 Nd3 30. Rf1 Bf6 31. Re3 Nc5 32. Rfe1 Bb5 33. Re8 Nxb3 34. Rxf8+ Rxf8 35. axb3 Bd3 36. Re8 Bf1+ 37. Kg4 Kg8 38. Rxf8+ Kxf8 39. Kf3 Bd3 40. Bxh6 Be5 41. Bc1 1-0

[Event "Steyr Landesliga 1314"]
[Site "Austria"]
[Date "2013.12.07"]
[Round "5.3"]
[White "Kravanja, Georg"]
[Black "Fabisch, Christian"]
[Result "1/2-1/2"]
[WhiteElo "2177"]
[BlackElo "2128"]
[PlyCount "68"]
[EventDate "2013.09.28"]
[EventType "team-tourn"]
[EventRounds "11"]
[EventCountry "AUT"]
[SourceTitle "EXT 2015"]
[Source "ChessBase"]
[SourceDate "2014.11.20"]
[SourceVersion "1"]
[SourceVersionDate "2014.11.20"]
[SourceQuality "1"]
[WhiteTeam "Graz Schachfreunde"]
[BlackTeam "Hartberg"]
[WhiteTeamCountry "AUT"]
[BlackTeamCountry "AUT"]

1. d4 Nf6 2. c4 c5 3. d5 e6 4. Nc3 exd5 5. cxd5 Bd6 6. g3 Bc7 7. d6 Ba5 8. Bg2 Nc6 9. Nh3 b6 10. 0-0 0-0 11. Nf4 Rb8 12. Nfd5 Nxd5 13. Nxd5 Ba6 14. Nc7 Bb7 15. a3 a6 16. e4 b5 17. Nd5 Nd4 18. Ne7+ Kh8 19. b4 Bb6 20. Bb2 Ne6 21. Kh1 c4 22. f4 f6 23. f5 Ng5 24. Rf4 Re8 25. Nd5 Ba7 26. Rh4 Rc8 27. Bc3 Bb8 28. Ne7 Rxe7 29. dxe7 Qxe7 30. Qc2 Re8 31. Re1 d5 32. Bd4 Nxe4 33. Kg1 Bc6 34. Qd1 Ba7 1/2-1/2

[Event "Steyr Landesliga 1213"]
[Site "Austria"]
[Date "2013.04.13"]
[Round "9.4"]
[White "Mitter, Gerd"]
[Black "Fabisch, Christian"]
[Result "1/2-1/2"]
[WhiteElo "2224"]
[BlackElo "2154"]
[PlyCount "90"]
[EventDate "2012.09.22"]
[EventType "team-tourn"]
[EventRounds "11"]
[EventCountry "AUT"]
[SourceTitle "EXT 2014"]
[Source "ChessBase"]
[SourceDate "2013.11.20"]
[SourceVersion "1"]
[SourceVersionDate "2013.11.20"]
[SourceQuality "1"]
[WhiteTeam "Trofaiach Niklasdorf"]
[BlackTeam "Hartberg"]
[WhiteTeamCountry "AUT"]
[BlackTeamCountry "AUT"]

1. Nf3 f5 2. c4 Nf6 3. g3 e6 4. Bg2 Be7 5. 0-0 0-0 6. Nc3 d6 7. d4 Qe8 8. Re1 d5 9. cxd5 exd5 10. Qb3 c6 11. e4 fxe4 12. Nxe4 Nxe4 13. Rxe4 Qd8 14. Bd2 Na6 15. Rae1 Bf6 16. R4e3 Qb6 17. Qxb6 axb6 18. Ne5 g5 19. a4 Kg7 20. Rb3 Bd8 21. f4 g4 22. Bf1 c5 23. Rb5 Nc7 24. Rxb6 Ne6 25. Rd6 Nxd4 26. Bc3 Bc7 27. Rxd5 Bxe5 28. Rexe5 Nf3+ 29. Kf2 Nxe5 30. Rxe5 Kg6 31. Rg5+ Kf7 32. Rg7+ Ke6 33. Bc4+ Kd6 34. Be5+ Kc6 35. Rc7+ Kb6 36. b3 Bf5 37. Bd5 Rad8 38. Rxb7+ Ka6 39. Bc6 Rd2+ 40. Ke1 Rfd8 41. Bc7 Rd1+ 42. Ke2 R8d2+ 43. Ke3 Rd3+ 44. Ke2 R1d2+ 45. Ke1 Rd1+ 1/2-1/2

[Event "Ybbs op"]
[Site "Ybbs"]
[Date "2001.??.??"]
[Round "3"]
[White "Fabisch, Christian"]
[Black "Fasser, Walter"]
[Result "1-0"]
[WhiteElo "2172"]
[BlackElo "2047"]
[PlyCount "123"]
[EventDate "2001.??.??"]
[EventType "swiss"]
[EventRounds "5"]
[EventCountry "AUT"]
[SourceTitle "EXT 2003"]
[Source "ChessBase"]
[SourceDate "2002.11.25"]
[SourceVersion "1"]
[SourceVersionDate "2002.11.25"]
[SourceQuality "1"]

1. g3 d5 2. Bg2 c6 3. d3 e5 4. Nf3 Bd6 5. 0-0 Nf6 6. Nbd2 0-0 7. e4 Bg4 8. h3 Bd7 9. Re1 Qc7 10. Nf1 d4 11. Nh4 Qc8 12. g4 g6 13. f4 Ne8 14. f5 Qd8 15. Nf3 c5 16. Ng3 Nc6 17. Rf1 Be7 18. g5 b5 19. h4 c4 20. Nh2 Bc5 21. Ng4 Qe7 22. h5 Nd6 23. Nf6+ Kh8 24. Qg4 Ne8 25. Qh4 Nxf6 26. gxf6 Qe8 27. Bh6 Rg8 28. Bg7+ Rxg7 29. fxg7+ Kxg7 30. fxg6 Be7 31. h6+ Kh8 32. g7+ Kg8 33. Qh5 f6 34. Qxe8+ Bxe8 35. Bh3 Nb4 36. Be6+ Bf7 37. Nf5 Re8 38. Bd7 Bc5 39. Bxe8 Bxe8 40. Rfc1 Nc6 41. Kg2 Ne7 42. Nxe7+ Bxe7 43. Rf1 Bf7 44. b3 c3 45. Rf5 Be6 46. Raf1 Bxf5 47. Rxf5 Kf7 48. Kf3 Ba3 49. Kg4 Bc1 50. Rh5 a5 51. Kf5 Bf4 52. g8Q+ Kxg8 53. Kxf6 a4 54. Ke6 axb3 55. axb3 b4 56. Rxe5 Bxh6 57. Rd5 Be3 58. Rd7 h5 59. Kf6 h4 60. Kg6 Kf8 61. Rh7 Bf2 62. Rf7+ 1-0

[Event "AUT-chT2S 9697"]
[Site "Austria"]
[Date "1996.??.??"]
[Round "1"]
[White "Thaler, Heimo"]
[Black "Fabisch, Christian"]
[Result "1/2-1/2"]
[WhiteElo "2135"]
[BlackElo "2180"]
[PlyCount "22"]
[EventDate "1996.??.??"]
[EventType "team"]
[EventRounds "11"]
[EventCountry "AUT"]
[SourceTitle "EXT 1999"]
[Source "ChessBase"]
[SourceDate "1998.11.16"]
[SourceVersion "1"]
[SourceVersionDate "1998.11.16"]
[SourceQuality "1"]

1. d4 Nf6 2. Nf3 c5 3. c4 cxd4 4. Nxd4 e5 5. Nb3 d5 6. cxd5 Qxd5 7. Qxd5 Nxd5 8. e4 Nb4 9. Bb5+ Bd7 10. Bxd7+ Nxd7 11. Na3 Nc5 1/2-1/2

[Event "Budapest Mediflora"]
[Site "Budapest"]
[Date "1995.??.??"]
[Round "5"]
[White "Fabisch, Christian"]
[Black "Danner, Georg"]
[Result "0-1"]
[WhiteElo "2220"]
[BlackElo "2440"]
[PlyCount "76"]
[EventDate "1995.12.??"]
[EventType "tourn"]
[EventRounds "11"]
[EventCountry "HUN"]
[SourceTitle "EXT 1998"]
[Source "ChessBase"]
[SourceDate "1997.11.17"]
[SourceVersion "1"]
[SourceVersionDate "1997.11.17"]
[SourceQuality "1"]

1. g3 g6 2. Bg2 Bg7 3. c4 f5 4. Nc3 Nf6 5. Nf3 0-0 6. 0-0 d6 7. d3 c6 8. Rb1 a5 9. a3 Na6 10. b4 axb4 11. axb4 Nc7 12. b5 c5 13. Bb2 e5 14. Ra1 Rxa1 15. Qxa1 Ne6 16. Qa7 g5 17. Na4 Nd7 18. b6 e4 19. dxe4 fxe4 20. Nd2 Bxb2 21. Nxb2 Nd4 22. Nxe4 Nxe2+ 23. Kh1 Ne5 24. Qb8 Nf7 25. Qc7 Nd4 26. Qxd8 Rxd8 27. f4 gxf4 28. Rxf4 Kg7 29. Nc3 Ne5 30. Bd5 Bh3 31. Bg2 Be6 32. Nd5 Ra8 33. Nc7 Ra2 34. Ne8+ Kh6 35. Rf6+ Kg5 36. h4+ Kg4 37. Nxd6 Rxb2 38. Bxb7 Kh3 0-1

[Event "AUT-chT2S 9596"]
[Site "Austria"]
[Date "1995.??.??"]
[Round "?"]
[White "Fabisch, Christian"]
[Black "Detter, Peter"]
[Result "1/2-1/2"]
[WhiteElo "2210"]
[BlackElo "2225"]
[PlyCount "25"]
[EventDate "1995.??.??"]
[EventType "team-tourn"]
[EventRounds "11"]
[EventCountry "AUT"]
[SourceTitle "EXT 1999"]
[Source "ChessBase"]
[SourceDate "1998.11.16"]
[SourceVersion "1"]
[SourceVersionDate "1998.11.16"]
[SourceQuality "1"]

1. e4 Nf6 2. d3 d5 3. Nd2 e5 4. Ngf3 Nc6 5. Be2 Bc5 6. 0-0 0-0 7. c3 a5 8. b3 Re8 9. a3 Qe7 10. Bb2 Bb6 11. Qc2 Bg4 12. b4 axb4 13. cxb4 1/2-1/2

[Event "Budapest Mediflora"]
[Site "Budapest"]
[Date "1995.??.??"]
[Round "10"]
[White "Fabisch, Christian"]
[Black "Feher, Gyula"]
[Result "0-1"]
[WhiteElo "2220"]
[BlackElo "2420"]
[PlyCount "96"]
[EventDate "1995.12.??"]
[EventType "tourn"]
[EventRounds "11"]
[EventCountry "HUN"]
[SourceTitle "EXT 1998"]
[Source "ChessBase"]
[SourceDate "1997.11.17"]
[SourceVersion "1"]
[SourceVersionDate "1997.11.17"]
[SourceQuality "1"]

1. e4 c5 2. g3 Nc6 3. Bg2 g6 4. c4 Bg7 5. Nc3 e6 6. Nge2 Nge7 7. 0-0 0-0 8. a3 d6 9. Rb1 b6 10. b4 Bb7 11. d3 Qd7 12. Qa4 Rfd8 13. Bf4 Ne5 14. Qxd7 Rxd7 15. Rfd1 Rc8 16. Nb5 Bc6 17. Nbc3 Rcd8 18. Rbc1 h6 19. h3 Bb7 20. Nb5 a6 21. Nbc3 N5c6 22. Rb1 Nd4 23. Nxd4 cxd4 24. Ne2 Rc8 25. Rdc1 g5 26. Bd2 f5 27. exf5 Nxf5 28. Bxb7 Rxb7 29. a4 Kh7 30. Kg2 Kg6 31. Ng1 Bf8 32. Nf3 e5 33. a5 bxa5 34. bxa5 Rcb8 35. Rxb7 Rxb7 36. c5 dxc5 37. Nxe5+ Kf6 38. Re1 Rb2 39. Nd7+ Kf7 40. Bc1 Rc2 41. Nb8 Bd6 42. Nc6 Bxg3 43. Rf1 Bc7 44. Kf3 Ne7 45. Nxe7 Kxe7 46. h4 gxh4 47. Bxh6 h3 48. Rh1 h2 0-1

[Event "AUT-chT2S 9596"]
[Site "Austria"]
[Date "1995.??.??"]
[Round "?"]
[White "Fabisch, Christian"]
[Black "Frosch, Erich"]
[Result "0-1"]
[WhiteElo "2210"]
[BlackElo "2265"]
[PlyCount "68"]
[EventDate "1995.??.??"]
[EventType "team-tourn"]
[EventRounds "11"]
[EventCountry "AUT"]
[SourceTitle "EXT 1999"]
[Source "ChessBase"]
[SourceDate "1998.11.16"]
[SourceVersion "1"]
[SourceVersionDate "1998.11.16"]
[SourceQuality "1"]

1. e4 e5 2. Nc3 Nc6 3. g3 Nf6 4. Bg2 a6 5. Nge2 Bc5 6. 0-0 d6 7. h3 h5 8. d3 h4 9. g4 Nh7 10. Nd5 g5 11. c3 Ne7 12. d4 Nxd5 13. exd5 Ba7 14. Qd3 f5 15. dxe5 dxe5 16. gxf5 Qf6 17. Be3 Bxf5 18. Qc4 Qd6 19. Bxa7 Rxa7 20. Nd4 0-0 21. Nxf5 Rxf5 22. Qg4 Qf6 23. f4 Rxf4 24. Rxf4 exf4 25. Qc8+ Nf8 26. Qxc7 Ra8 27. Re1 Rd8 28. Re7 Rd6 29. Be4 g4 30. Re8 Qh6 31. Qe7 Rf6 32. d6 f3 33. Bd5+ Kh8 34. hxg4 f2+ 0-1

[Event "AUT-chT2S 9495"]
[Site "Austria"]
[Date "1995.??.??"]
[Round "5"]
[White "Fabisch, Christian"]
[Black "Schieder, Andreas"]
[Result "1-0"]
[WhiteElo "2225"]
[BlackElo "2125"]
[PlyCount "47"]
[EventDate "1994.??.??"]
[EventType "team"]
[EventRounds "11"]
[EventCountry "AUT"]
[SourceTitle "EXT 1998"]
[Source "ChessBase"]
[SourceDate "1997.11.17"]
[SourceVersion "1"]
[SourceVersionDate "1997.11.17"]
[SourceQuality "1"]

1. g3 g6 2. Bg2 Bg7 3. c4 e5 4. Nc3 d6 5. e4 Nh6 6. Nge2 0-0 7. 0-0 f5 8. d4 Nc6 9. d5 Nb8 10. c5 f4 11. gxf4 exf4 12. Bxf4 Rxf4 13. Nxf4 Qh4 14. Ne6 Bxe6 15. dxe6 Nc6 16. Qd3 Rf8 17. Qg3 Qh5 18. cxd6 cxd6 19. f4 Ng4 20. Nd5 Nd4 21. Rae1 Nxe6 22. Bh3 Bd4+ 23. Kg2 Ne3+ 24. Nxe3 1-0

[Event "Vienna op"]
[Site "Vienna"]
[Date "1994.??.??"]
[Round "5"]
[White "Fabisch, Christian"]
[Black "Danner, Georg"]
[Result "0-1"]
[WhiteElo "2225"]
[BlackElo "2440"]
[PlyCount "71"]
[EventDate "1994.10.??"]
[EventType "swiss"]
[EventRounds "9"]
[EventCountry "AUT"]
[SourceTitle "EXT 1998"]
[Source "ChessBase"]
[SourceDate "1997.11.17"]
[SourceVersion "1"]
[SourceVersionDate "1997.11.17"]
[SourceQuality "1"]

1. g3 d6 2. Bg2 g6 3. c4 Bg7 4. Nc3 e5 5. e4 Nc6 6. Nge2 f5 7. d3 Nf6 8. 0-0 0-0 9. exf5 gxf5 10. f4 Qe8 11. Kh1 Kh8 12. Be3 Bd7 13. Bg1 Nd8 14. Rc1 Nf7 15. Qb3 Bc6 16. Nd5 Qd7 17. d4 Nxd5 18. cxd5 Bb5 19. Rfe1 e4 20. Nc3 Ba6 21. g4 fxg4 22. Nxe4 Rae8 23. Ng3 Rxe1 24. Rxe1 Nh6 25. Re6 Qf7 26. Qe3 Ng8 27. f5 Bb5 28. Qg5 Nf6 29. Qe3 Qg8 30. Qb3 Ba6 31. Qc2 Rf7 32. Ne4 h6 33. Nxf6 Bxf6 34. Qe4 Bb5 35. Qf4 Qg5 36. Qf1 0-1

[Event "AUT-chT2S 9394"]
[Site "Austria"]
[Date "1994.??.??"]
[Round "?"]
[White "Fahrner, Kurt"]
[Black "Fabisch, Christian"]
[Result "1/2-1/2"]
[WhiteElo "2290"]
[BlackElo "2325"]
[PlyCount "57"]
[EventDate "1993.??.??"]
[EventType "team"]
[EventRounds "11"]
[EventCountry "AUT"]
[SourceTitle "EXT 1998"]
[Source "ChessBase"]
[SourceDate "1997.11.17"]
[SourceVersion "1"]
[SourceVersionDate "1997.11.17"]
[SourceQuality "1"]

1. e4 c5 2. Nc3 g6 3. f4 Bg7 4. Nf3 Nc6 5. Bc4 e6 6. d3 Nge7 7. 0-0 0-0 8. Qe1 d5 9. Bb3 Nd4 10. Nxd4 cxd4 11. Ne2 Bd7 12. Ng3 a5 13. a4 dxe4 14. dxe4 b5 15. Rf2 Qb6 16. Kh1 bxa4 17. Bxa4 Bxa4 18. Rxa4 Qb5 19. Ra3 a4 20. Qd1 Rac8 21. Rd3 Rc4 22. f5 exf5 23. exf5 Nd5 24. Rdf3 Ne3 25. Qd3 Rb4 26. Qd2 Rxb2 27. Bxb2 Qxb2 28. f6 Bh6 29. Qe1 1/2-1/2